00609nam a22002057a 450000500170000001000240001702000260004103500170006703500140008403700130009803700130011108200110012410000210013524500850015626000310024127000700027230000260034250000200036870000150038820170216142656.0 a1617EN ENG-116825 a9788120317239c650.00 aB-653324-332 aEN-100357 bABCadpl bDBAD/PUB a657.42 aNigam, B.M. Lall aCost accounting :cby B.M. Lall Nigam [and] I.C. Jainbprinciples and practice / aDelhibPHI Learning c2014 aRimjhim House, 111, Patparganj, Indusrial Estate,bDelhi e110092 axii,1164p.c24cm(pbk) aIncludes index  aJain, I.C.